01358nam a22003377a 4500003000500000005001700005008004100022010001000063011001000073035001000083040000900093090001000102100004100112245018100153260003700334300001000371502010500381590003700486590004100523590004100564590004100605590004200646650004400688650004000732650004300772901000700815942001000822949004300832999001700875952012800892CHAP20220329140731.0971013s1988 r 00010 d a56730 a57702 a61857 cCHAP aTesis00aZúñiga Salinas, Armando.9124240 aEfecto de diferentes niveles de fertilización en la producción de fruta y semilla de chile serrano (Capsicum annum L.) var. tampiqueño 74 en Marín, N.L. ciclo P-V, 1986 aMarín, N.L. :bEl autor,c1988 a85 h. aTesis (Ing. Agrónomo Fitotecnista) -- Universidads Autónoma de Nuevo León. Fac. de Agronomía aALEPHb10c20130110lUCH01h1335 aBATCH-UPDb10c20130110lUCH01h0413 aBATCH-UPDb10c20130410lUCH01h0047 aBATCH-UPDb10c20130914lUCH01h0923 aCONVERSIONb10c20130109lUCH01h133014aChile (Botánica)xRendimiento.92238814aChile (Botánica)xSemilla.92238914aFertilizantesxEfecto en chile.940493 aBK cTESIS bBCcTESd-132760eTS1h20810i61857si c56730d56730 00102local4051708TESISaBCbBCcPA_TESISd2019-12-31fTESISl0oTesisp-132760r2019-12-31 00:00:00w2019-12-31yTESIS